MARC details
| 000 -LEADER |
| fixed length control field |
02261nam a22005537a 4500 |
| 001 - CONTROL NUMBER |
| control field |
2749 |
| 003 - CONTROL NUMBER IDENTIFIER |
| control field |
FISKH |
| 005 - DATE AND TIME OF LATEST TRANSACTION |
| control field |
20260311151150.0 |
| 008 - FIXED-LENGTH DATA ELEMENTS--GENERAL INFORMATION |
| fixed length control field |
240112b cb ||||| |||| 00| 0 eng d |
| 010 ## - LIBRARY OF CONGRESS CONTROL NUMBER |
| LC control number |
2017615635 |
| 020 ## - INTERNATIONAL STANDARD BOOK NUMBER |
| International Standard Book Number |
9781478907473 |
| 020 ## - INTERNATIONAL STANDARD BOOK NUMBER |
| International Standard Book Number |
9781447291251 |
| 024 3# - OTHER STANDARD IDENTIFIER |
| Canceled/invalid standard number or code |
9781478907473 |
| 028 02 - PUBLISHER OR DISTRIBUTOR NUMBER |
| Publisher or distributor number |
2-X0747 |
| Source |
Hachette Audio |
| 028 02 - PUBLISHER OR DISTRIBUTOR NUMBER |
| Publisher or distributor number |
ZPbpzb |
| Source |
Blackstone Audiobooks |
| 035 ## - SYSTEM CONTROL NUMBER |
| System control number |
(OCoLC)ocn907184128 |
| 040 ## - CATALOGING SOURCE |
| Original cataloging agency |
BTCTA |
| Language of cataloging |
eng |
| Transcribing agency |
BTCTA |
| Modifying agency |
BDX |
| -- |
TEF |
| -- |
OCLCO |
| -- |
OCLCF |
| -- |
OCLCO |
| -- |
GK8 |
| -- |
JNE |
| -- |
BLACP |
| -- |
OCLCO |
| -- |
BLACP |
| -- |
OCLCO |
| -- |
OCLCA |
| -- |
IBI |
| -- |
OCLCO |
| -- |
OCLCQ |
| -- |
OCLCO |
| -- |
TYV |
| -- |
OCL |
| -- |
VP@ |
| -- |
OCLCO |
| -- |
OCLCQ |
| -- |
OCLCO |
| -- |
DLC |
| 042 ## - AUTHENTICATION CODE |
| Authentication code |
lccopycat |
| 050 00 - LIBRARY OF CONGRESS CALL NUMBER |
| Classification number |
SDC 77960 |
| 082 04 - DEWEY DECIMAL CLASSIFICATION NUMBER |
| Classification number |
[E] |
| Edition number |
23 |
| 100 1# - MAIN ENTRY--PERSONAL NAME |
| Personal name |
Benjamin, Ali, |
| 245 14 - TITLE STATEMENT |
| Title |
The thing about jellyfish / |
| Statement of responsibility, etc. |
Ali Benjamin. |
| 250 ## - EDITION STATEMENT |
| Edition statement |
This Edition published 2016 |
| 260 ## - PUBLICATION, DISTRIBUTION, ETC. |
| Place of publication, distribution, etc. |
London : |
| Name of publisher, distributor, etc. |
Panmac Millan |
| Date of publication, distribution, etc. |
2015 |
| 300 ## - PHYSICAL DESCRIPTION |
| Extent |
335 pages : |
| Dimensions |
20 cm |
| 505 ## - FORMATTED CONTENTS NOTE |
| Formatted contents note |
R<br/> |
| 520 ## - SUMMARY, ETC. |
| Summary, etc. |
After her best friend dies in a drowning accident, Suzy is convinced that the true cause of the tragedy was a rare jellyfish sting. Retreating into a silent world of imagination, she crafts a plan to prove her theory--even if it means traveling the globe, alone. Suzy's achingly heartfelt journey explores life, death, the astonishing wonder of the universe, and the potential for love and hope right next door. |
| 521 8# - TARGET AUDIENCE NOTE |
| Target audience note |
740<br/> |
| Source |
Lexile<br/> |
| 521 8# - TARGET AUDIENCE NOTE |
| Target audience note |
R<br/> |
| Source |
Raz-Plus<br/> |
| 538 ## - SYSTEM DETAILS NOTE |
| System details note |
Compact disc. |
| 650 #0 - SUBJECT ADDED ENTRY--TOPICAL TERM |
| Topical term or geographic name entry element |
Grief |
| Form subdivision |
Juvenile fiction. |
| 650 #0 - SUBJECT ADDED ENTRY--TOPICAL TERM |
| Topical term or geographic name entry element |
Best friends |
| Form subdivision |
Juvenile fiction. |
| 650 #0 - SUBJECT ADDED ENTRY--TOPICAL TERM |
| Topical term or geographic name entry element |
Friendship |
| Form subdivision |
Juvenile fiction. |
| 650 #0 - SUBJECT ADDED ENTRY--TOPICAL TERM |
| Topical term or geographic name entry element |
Jellyfishes |
| Form subdivision |
Juvenile fiction. |
| 650 #1 - SUBJECT ADDED ENTRY--TOPICAL TERM |
| Topical term or geographic name entry element |
Grief |
| Form subdivision |
Fiction. |
| 650 #1 - SUBJECT ADDED ENTRY--TOPICAL TERM |
| Topical term or geographic name entry element |
Best friends |
| Form subdivision |
Fiction. |
| 650 #1 - SUBJECT ADDED ENTRY--TOPICAL TERM |
| Topical term or geographic name entry element |
Friendship |
| Form subdivision |
Fiction. |
| 650 #1 - SUBJECT ADDED ENTRY--TOPICAL TERM |
| Topical term or geographic name entry element |
Jellyfishes |
| Form subdivision |
Fiction. |
| 650 #7 - SUBJECT ADDED ENTRY--TOPICAL TERM |
| Topical term or geographic name entry element |
Audiobooks. |
| Source of heading or term |
fast |
| Authority record control number or standard number |
(OCoLC)fst00821088 |
| 650 #7 - SUBJECT ADDED ENTRY--TOPICAL TERM |
| Topical term or geographic name entry element |
Best friends. |
| Source of heading or term |
fast |
| Authority record control number or standard number |
(OCoLC)fst00830870 |
| 650 #7 - SUBJECT ADDED ENTRY--TOPICAL TERM |
| Topical term or geographic name entry element |
Friendship. |
| Source of heading or term |
fast |
| Authority record control number or standard number |
(OCoLC)fst00935174 |
| 650 #7 - SUBJECT ADDED ENTRY--TOPICAL TERM |
| Topical term or geographic name entry element |
Grief. |
| Source of heading or term |
fast |
| Authority record control number or standard number |
(OCoLC)fst00947883 |
| 650 #7 - SUBJECT ADDED ENTRY--TOPICAL TERM |
| Topical term or geographic name entry element |
Jellyfishes. |
| Source of heading or term |
fast |
| Authority record control number or standard number |
(OCoLC)fst00982280 |
| 655 #7 - INDEX TERM--GENRE/FORM |
| Genre/form data or focus term |
Fiction. |
| Source of term |
fast |
| Authority record control number or standard number |
(OCoLC)fst01423787 |
| 655 #7 - INDEX TERM--GENRE/FORM |
| Genre/form data or focus term |
Juvenile works. |
| Source of term |
fast |
| Authority record control number or standard number |
(OCoLC)fst01411637 |
| 655 #7 - INDEX TERM--GENRE/FORM |
| Genre/form data or focus term |
Children's audiobooks. |
| Source of term |
lcgft |
| 906 ## - LOCAL DATA ELEMENT F, LDF (RLIN) |
| a |
7 |
| b |
cbc |
| c |
copycat |
| d |
2 |
| e |
ncip |
| f |
20 |
| g |
y-soundrec |
| 942 ## - ADDED ENTRY ELEMENTS (KOHA) |
| Source of classification or shelving scheme |
Dewey Decimal Classification |
| Koha item type |
Books |
| Suppress in OPAC |
No |